000 00490nam a2200181Ia 4500
005 20250508160845.0
008 008 250505s9999 xx 000 0 hin d
037 _aTextual
040 _aFEDL
_beng
_cFEDL
041 _ahin
_2hin
084 _a891.437, VYA
_qFEDL
100 _aVyas Gopal Prasad
245 0 _aToo kya hota?
260 _aDelhi, India
_bNational Publishing House
_c1969
300 _a103p
942 _cTEXL
_h891.437, VYA
999 _c1367026
_d1367026